"Skrytá" dvorová architektúra

Bibliographic Details
Main Authors: Varechová, Zuzana (Author), Labudová, Zuzana, 1974- (Author)
Format: Article
Language:Slovak
PhysicalDescription:Fotogr., obr.
ISSN:1335-3268
Subjects:

MARC

LEADER 00000nab a2200000 ar4500
001 vtls008985324
003 SK-MaSNL
005 20260303065424.0
008 070502c2007 xo mr|p|||||||000 b|slo
015 |a SNBRB2007/05  |2 snkbucl 
038 |a SNKBUCL 
040 |a SNKBUCL  |b slo  |c SNKBUCL  |e AACR2 
041 0 |a slo 
044 |a xo  |c SK 
080 |a 728.22:725.22  |x (437.6)  |2 2001 
080 |a 725.22  |x (437.6)  |2 2001 
100 1 |a Varechová, Zuzana  |4 aut  |9 713571 
245 1 0 |a "Skrytá" dvorová architektúra  |c Zuzana Varechová, Zuzana Labudová 
300 |b Fotogr., obr. 
500 |a Architekt: Ján Ruňanin 
650 0 7 |a polyfunkčné domy  |2 snkbucl  |9 764096 
650 0 7 |a bytové domy  |2 snkbucl  |9 31781 
651 7 |a Hlavná ulica (Košice, Slovensko)  |2 snkbucl  |9 29594 
651 7 |a Zvonárska ulica (Košice, Slovensko)  |2 snkbucl  |9 885068 
651 7 |a Košice (Slovensko)  |2 snkbucl  |9 18694 
700 1 |a Labudová, Zuzana,  |d 1974-  |4 aut  |9 345026 
773 0 |t ARCH  |g Roč. 12, č. 3 (2007), s. 24-27  |x 1335-3268 
852 |a SNK  |b KIS3GCP 
958 |a SK 
999 |c 1751132  |d 1753062